La teoría del crecimiento equilibrado / (Registro nro. 8361)
[ vista simple ]
| 000 -LEADER | |
|---|---|
| fixed length control field | 02404nam a2200301Ia 4500 |
| 003 - CONTROL NUMBER IDENTIFIER | |
| control field | OSt |
| 005 - DATE AND TIME OF LATEST TRANSACTION | |
| control field | 20210817170119.0 |
| 008 - FIXED-LENGTH DATA ELEMENTS--GENERAL INFORMATION | |
| fixed length control field | 210310t1987 mx ad gr 000 0 spa d |
| 020 ## - INTERNATIONAL STANDARD BOOK NUMBER | |
| International Standard Book Number | 968162419X |
| 040 ## - CATALOGING SOURCE | |
| Original cataloging agency | CO-JMCR |
| Transcribing agency | CO-JMCR |
| 041 1# - LANGUAGE CODE | |
| Language code of text/sound track or separate title | spa |
| Language code of original | eng |
| 082 04 - DEWEY DECIMAL CLASSIFICATION NUMBER | |
| Classification number | 339.5 / |
| Item number | D619t |
| Edition number | 23 |
| 100 1# - MAIN ENTRY--PERSONAL NAME | |
| Personal name | Dixit, Avinash K., |
| 9 (RLIN) | 17046 |
| Relator term | autor |
| 245 10 - TITLE STATEMENT | |
| Title | La teoría del crecimiento equilibrado / |
| Statement of responsibility, etc. | A. K. Dixit ; traducción de Eduardo L. Suárez |
| 250 ## - EDITION STATEMENT | |
| Edition statement | Primera edición |
| 260 ## - PUBLICATION, DISTRIBUTION, ETC. | |
| Place of publication, distribution, etc. | México : |
| Name of publisher, distributor, etc. | Fondo de Cultura Económica, |
| Date of publication, distribution, etc. | ©1987 |
| 300 ## - PHYSICAL DESCRIPTION | |
| Extent | 198 páginas : |
| Other physical details | ilustraciones y gráficas a blanco y negro ; |
| Dimensions | 23 cm. |
| 490 0# - SERIES STATEMENT | |
| Series statement | Sección de obras de economía |
| 500 ## - GENERAL NOTE | |
| General note | Incluye notas al final de cada capítulo.<br/>Título original: The theory of equilibrium Growth |
| 504 ## - BIBLIOGRAPHY, ETC. NOTE | |
| Bibliography, etc. note | Bibliografía: páginas 187-196 |
| 505 0# - FORMATTED CONTENTS NOTE | |
| Formatted contents note | El método de la teoría del crecimiento equilibrado -- La producción, los costos y los precios -- Modelos de un solo sector -- El progreso tecnológico -- El ahorro óptimo -- Modelo de dos sectores -- Los recursos naturales -- Los modelos del desequilibrio |
| 520 3# - SUMMARY, ETC. | |
| Summary, etc. | La teoría del crecimiento económico está en el centro de las preocupaciones de los especialistas modernos: la ciencia de la economía depende en buena parte de ella Ocurre, sin embargo, que los modelos y explicaciones suelen incurrir en una enorme complejidad expositiva; mientras que, por otro lado, los textos de manual simplifican en exceso el tema, desfigurándolo y por lo tanto restándole valor científico. Para cerrar esta brecha, A.K. Dixit -profesor de economía de la Universidad de Warwick- ha escrito precisamente este libro. La teoría del crecimiento equilibrado quiere, pues, contribuir a echar luz en torno a este asunto cardinal de la ciencia económica contemporánea. Los instrumentos a los cuales el autor recurre para llevar a cabo su tarea están tomados del rico acervo del neoclasicismo; examina con todo cuidado los fenómenos de los precios, las fluctuaciones de la depreciación, los avances tecnológicos que marcan las pautas de progre so, el renglón del ahorro y sus determinaciones y lo que ocurre, en este contexto con los recursos naturales. |
| 546 ## - LANGUAGE NOTE | |
| Language note | Traducido del inglés. |
| 650 14 - SUBJECT ADDED ENTRY--TOPICAL TERM | |
| Topical term or geographic name entry element | Desarrollo económico |
| 9 (RLIN) | 17048 |
| 650 24 - SUBJECT ADDED ENTRY--TOPICAL TERM | |
| Topical term or geographic name entry element | Equilibrio (economía) |
| 9 (RLIN) | 37263 |
| 700 1# - ADDED ENTRY--PERSONAL NAME | |
| Personal name | Suárez , Eduardo L., |
| Relator term | traductor |
| 9 (RLIN) | 4465 |
| 942 ## - ADDED ENTRY ELEMENTS (KOHA) | |
| Source of classification or shelving scheme | Dewey Decimal Classification |
| Koha item type | Books |
| Withdrawn status | Lost status | Source of classification or shelving scheme | Damaged status | Not for loan | Collection code | Home library | Current library | Date acquired | Source of acquisition | Full call number | Barcode | Date last seen | Copy number | Koha item type |
|---|---|---|---|---|---|---|---|---|---|---|---|---|---|---|
| Dewey Decimal Classification | Non-fiction | Biblioteca Pública José María del Castillo y Rada | Biblioteca Pública José María del Castillo y Rada | 04/15/2018 | Donación | 339.5 / D619t | 430006279 | 05/16/2024 | Ej.1 | Books |